Sports Quiz

Random Sports or World Cup Quiz

FIFA World Cup - Last Place in Each Group (98-18) Quiz Stats

 Plays Quiz Updated Apr 27, 2019

Score 0/48 Timer 07:00
6 Plays Today
Hint Answer % Correct
Group EUnited States
87.6%
Group FUnited States*
87.6%
Group AFrance
86.8%
Group AFrance
86.8%
Group CJapan
85.2%
Group FJapan
85.2%
Group HJapan
85.2%
Group FGermany
84.8%
Group BAustralia
84%
Group CAustralia
83.9%
Group FItaly
83.8%
Group DEngland
83%
Group ESouth Korea
81.3%
Group HSouth Korea
81.3%
Group AEgypt
80.1%
Group DIran
76.9%
Group FIran
76.9%
Group BNigeria
75.4%
Group FNigeria
75.4%
Group DPoland
73.1%
Group HPoland
73%
Group CSaudi Arabia
72.6%
Group ESaudi Arabia*
72.6%
Group HSaudi Arabia
72.6%
Hint Answer % Correct
Group CChina
71.6%
Group ACosta Rica
70%
Group ECosta Rica
69.8%
Group GPanama*
69.4%
Group BMorocco
67.9%
Group ACameroon*
67.4%
Group BCameroon
67.4%
Group ECameroon
67.4%
Group GGhana
65.6%
Group GNorth Korea*
65.4%
Group DIceland
64.3%
Group CSerbia and Montenegro*
63.2%
Group DSerbia
63.1%
Group AScotland
62.3%
Group CAlgeria
60.8%
Group EHonduras
60.8%
Group HHonduras
60.8%
Group GTunisia
60.5%
Group HTunisia
60.5%
Group BSlovenia
56.8%
Group GEcuador
51.9%
Group BTrinidad and Tobago
50.5%
Group GTogo
46.8%
Group DBulgaria
43.9%

You're not logged in!

Compare scores with friends on all Sporcle quizzes.
OR
Log In

Sporcle TV

Today on Sporcle TV


Watch our educational content, quiz creation guides, and fun videos on Sporcle TV.

Show Comments

Extras

Top Quizzes Today


Score Distribution

Your Account Isn't Verified!

In order to create a playlist on Sporcle, you need to verify the email address you used during registration. Go to your Sporcle Settings to finish the process.

Report this User

Report this user for behavior that violates our Community Guidelines.

Details: